000 00537nam a22001697a 4500
003 MACL
005 20160728133538.0
008 160728b xxu||||| |||| 00| 0 eng d
040 _cMACL
041 _aHindi
082 _a891.433 BUD
100 _aबुदकी, बीना
_965316
245 _aशरणार्थी
_cबीना बुदकी
260 _aगाजियाबाद
_bहिन्‍दी कश्‍मीरी संगम
_c2012
650 _aकहानियॉ
_965636
942 _2ddc
_cHIN
999 _c55229
_d55229